[Event "XXXIV Puchar Wojewody Dolnoslaskiego"]
[Site "Legnica"]
[Date "1899-12-30"]
[Round "6.5"]
[White "Teclaf, Pawel"]
[Black "Wieczorek, Oskar"]
[Result "1-0"]
[WhiteTitle "CM"]
[BlackTitle "IM"]
[WhiteElo "2384"]
[BlackElo "2468"]

1. e4 e5 2. Nf3 Nc6 3. Bb5 a6 4. Ba4 Nf6 5. O-O Be7 6. Re1 b5 7. Bb3 d6 8. c3 O-O
9. h3 a5 10. d4 a4 11. Bc2 Bd7 12. Nbd2 Re8 13. Nf1 h6 14. Ng3 Bf8 15. Be3 Qc8
16. Qd2 Qb7 17. Rad1 b4 18. d5 bxc3 19. bxc3 Na5 20. Bd3 c6 21. c4 Reb8 22. Rb1
Qc7 23. Rec1 Nb7 24. Qc3 Be8 25. Qa1 Nd7 26. Nd2 Nbc5 27. Bc2 g6 28. Ne2 cxd5
29. cxd5 Qa5 30. Bd1 f5 31. Nc4 Qe1+ 32. Kh2 f4 33. Nxf4 exf4 34. Bg4 Rxb1 35.
Qxb1 Rb8 36. Qc2 Qb4 37. Bxf4 h5 38. Bf3 Na6 39. a3 Qc5 40. Qe2 Rb3 41. e5 dxe5
42. Nxe5 Qe7 43. d6 Qf6 44. Bd5+ Kh7 45. g3 Nab8 46. Rc8 g5 47. Rxe8 gxf4 48.
Qxh5+ Bh6 49. Re7+ 1-0

[Event "XXXIV Puchar Wojewody Dolnoslaskiego"]
[Site "Legnica"]
[Date "1899-12-30"]
[Round "7.1"]
[White "Wieczorek, Oskar"]
[Black "Kriebel, Tadeas"]
[Result "1-0"]
[WhiteTitle "IM"]
[BlackTitle "IM"]
[WhiteElo "2468"]
[BlackElo "2515"]

1. c4 e6 2. g3 d5 3. Bg2 Nf6 4. Nf3 Be7 5. b3 O-O 6. O-O c5 7. e3 dxc4 8. bxc4
Qa5 9. Bb2 Nc6 10. d3 Rd8 11. Qe2 Bd7 12. Nc3 Rac8 13. Nd2 Be8 14. Nb3 Qc7 15.
Rfd1 a6 16. f4 Na7 17. g4 b5 18. g5 Nd7 19. Ne4 bxc4 20. dxc4 Nc6 21. Qg4 Bf8
22. Rf1 Ne7 23. Rf3 Nf5 24. Rh3 Be7 25. Nf6+ Bxf6 26. gxf6 g6 27. e4 Nd4 28. e5
Nxe5 29. fxe5 Qxe5 30. Qh4 h5 31. Kh1 Bc6 32. Re1 Qf5 33. Bxc6 Rxc6 34. Qg3 Nxb3
35. axb3 Rcd6 36. Qf3 Qc2 37. Qc3 Qf2 38. Rf3 Qh4 39. Rh3 Qf2 40. Rf3 Qh4 41.
Qe5 Rd1 42. Rg3 R8d2 43. Rxg6+ fxg6 44. f7+ Kxf7 45. Qxe6+ 1-0

[Event "XXXIV Puchar Wojewody Dolnoslaskiego"]
[Site "Legnica"]
[Date "1899-12-30"]
[Round "7.2"]
[White "Gleizerov, Evgeny"]
[Black "Teclaf, Pawel"]
[Result "1/2-1/2"]
[WhiteTitle "GM"]
[BlackTitle "CM"]
[WhiteElo "2505"]
[BlackElo "2384"]

1. d4 Nf6 2. c4 g6 3. Nc3 d5 4. e3 Bg7 5. cxd5 Nxd5 6. Nxd5 Qxd5 7. Ne2 O-O 8.
Nc3 Qd6 9. Be2 c6 10. O-O Nd7 11. f4 f5 12. a4 Nf6 13. b3 Be6 14. Ba3 Qd7 15.
h3 Rac8 16. Bc4 Nd5 17. Nxd5 Bxd5 18. Qf3 Rfd8 19. Bxd5+ cxd5 20. Rfc1 e6 21.
Qe2 Bf8 22. Bxf8 Kxf8 23. Qd2 Rxc1+ 24. Rxc1 Rc8 25. Rc3 Ke8 26. Kf2 b6 27. Qc2
Kd8 28. Kf3 a5 29. Rxc8+ Qxc8 30. Qxc8+ Kxc8 1/2-1/2

[Event "XXXIV Puchar Wojewody Dolnoslaskiego"]
[Site "Legnica"]
[Date "1899-12-30"]
[Round "7.3"]
[White "Murdzia, Piotr"]
[Black "Nasuta, Grzegorz"]
[Result "1/2-1/2"]
[WhiteTitle "IM"]
[BlackTitle "GM"]
[WhiteElo "2411"]
[BlackElo "2520"]

1. d4 d5 2. c4 c6 3. Nf3 Nf6 4. Nc3 dxc4 5. a4 Bf5 6. e3 e6 7. Bxc4 Bb4 8. O-O
O-O 9. Qe2 Nbd7 10. Ne5 h6 11. Rd1 Qe7 12. e4 Bh7 13. Nxd7 Nxd7 14. f3 a5 15.
Be3 Kh8 16. Kh1 Rad8 17. Na2 Bd6 18. Qe1 Bc7 19. Bf2 f6 20. b4 Ra8 21. Bb3 Bg8
22. Rab1 Rfb8 23. bxa5 Bxa5 24. Qe3 Bb6 25. Qe2 Bc7 26. Nc1 e5 27. Bxg8 Kxg8 28.
Qc4+ Qf7 29. d5 Nf8 30. Ne2 cxd5 31. Rxd5 Ba5 32. Qb5 Rd8 33. Qxb7 Qxb7 34. Rxb7
Rdc8 35. Ra7 Rxa7 36. Bxa7 Bd8 37. h3 Ne6 38. a5 Rc2 39. Ng3 g6 40. Nf1 Rc1 41.
Kg1 Ra1 42. Bb6 Bxb6+ 43. axb6 Rb1 44. Rd6 Kf7 45. Rd7+ Kf8 46. b7 Ke8 47. Rh7
h5 48. h4 Nd8 49. Kh2 Rxb7 50. Rh8+ Ke7 51. Rg8 Rb8 52. Rxg6 Kf7 53. Rh6 Kg7 54.
Rxh5 Kg6 55. g4 Ne6 56. Rf5 Ng7 57. h5+ 1/2-1/2

[Event "XXXIV Puchar Wojewody Dolnoslaskiego"]
[Site "Legnica"]
[Date "1899-12-30"]
[Round "7.4"]
[White "Lewtak, Damian"]
[Black "Sieciechowicz, Marcin"]
[Result "0-1"]
[WhiteTitle "m"]
[BlackTitle "IM"]
[WhiteElo "2411"]
[BlackElo "2432"]

1. d4 d5 2. c4 c6 3. Nc3 Nf6 4. cxd5 cxd5 5. Bf4 Nc6 6. e3 Bf5 7. Qb3 Na5 8. Qa4+
Bd7 9. Qc2 Rc8 10. Bd3 e6 11. Nf3 b5 12. a3 Be7 13. Ne5 O-O 14. g4 Nc4 15. g5
Nxe5 16. Bxe5 Ne4 17. h4 f5 18. gxf6 gxf6 19. Bxe4 dxe4 20. Bf4 f5 21. Qe2 Be8
22. Nxe4 fxe4 23. Qg4+ Kh8 24. Rg1 Bf6 25. Bh6 Bg6 26. h5 Rg8 27. Qxe6 Bf7 28.
Rxg8+ Bxg8 29. Qxe4 Qa5+ 30. b4 Qc7 31. Qf5 Qc3+ 32. Ke2 Bxd4 33. Rg1 Qc4+ 0-1

[Event "XXXIV Puchar Wojewody Dolnoslaskiego"]
[Site "Legnica"]
[Date "1899-12-30"]
[Round "7.5"]
[White "Simacek, Pavel"]
[Black "Hirneise, Tobias"]
[Result "1/2-1/2"]
[WhiteTitle "GM"]
[BlackTitle "IM"]
[WhiteElo "2503"]
[BlackElo "2472"]

1. e4 c6 2. d4 d5 3. exd5 cxd5 4. c4 Nf6 5. Nc3 Nc6 6. Nf3 Bg4 7. cxd5 Nxd5 8.
Qb3 Bxf3 9. gxf3 e6 10. Qxb7 Nxd4 11. Bb5+ Nxb5 12. Qc6+ Ke7 13. Qxb5 Qd7 14.
Nxd5+ Qxd5 15. Bg5+ f6 16. Qxd5 exd5 17. Be3 Ke6 18. O-O-O Bb4 19. a3 Rhc8+ 20.
Kb1 Bc5 21. Rhe1 Bxe3 22. Rxe3+ Kd6 23. Rde1 Rc4 24. Re7 Rh4 25. Rxg7 Rxh2 26.
Rf7 Rxf2 27. Rxf6+ Kc5 28. Rd1 a5 29. Rf5 Rd8 30. Rc1+ Kd4 31. Rd1+ Kc5 32. Rc1+
1/2-1/2

[Event "XXXIV Puchar Wojewody Dolnoslaskiego"]
[Site "Legnica"]
[Date "1899-12-30"]
[Round "8.1"]
[White "Kriebel, Tadeas"]
[Black "Hirneise, Tobias"]
[Result "1/2-1/2"]
[WhiteTitle "IM"]
[BlackTitle "IM"]
[WhiteElo "2515"]
[BlackElo "2472"]

1. e4 c6 2. d4 d5 3. exd5 cxd5 4. Bd3 Nc6 5. c3 Nf6 6. Bf4 Bg4 7. Nf3 e6 8. Qb3
Qc8 9. Nbd2 Be7 10. h3 Bh5 11. Nh4 Ne4 12. Bxe4 Bxh4 13. g4 dxe4 14. Nxe4 O-O
15. gxh5 e5 16. Nd6 Qe6 17. dxe5 Nxe5 18. O-O-O Nd7 19. Qxe6 fxe6 20. Be3 Bxf2
21. Bxf2 Rxf2 22. Ne4 Rf7 23. h6 Nf8 24. Rhg1 b6 25. Rg4 Kh8 26. Ng5 Re7 27. Rdg1
Ng6 28. hxg7+ Rxg7 29. Nxe6 Re7 30. Nf4 Ne5 31. Nd5 Nxg4 32. Nxe7 Nf2 33. Rg3
Re8 34. Nf5 Re1+ 35. Kc2 h5 36. Kb3 Rh1 37. h4 Rh2 38. Rg5 Nd1 39. Kc4 Rxb2 40.
Kd5 Nxc3+ 41. Ke6 Ne4 42. Rxh5+ Kg8 43. Rh6 Rg2 44. Ke7 Rf2 45. Rg6+ Kh8 46. Nd4
Rf4 47. h5 Rh4 48. Rh6+ Kg8 49. Nf5 Rg4 50. Re6 Kh7 51. Rh6+ Kg8 52. Re6 Kh7 53.
Kd8 Rg5 54. Re7+ Kh8 55. Rxe4 Rxf5 56. Re8+ Kg7 57. Re7+ Kh6 58. Rxa7 Kxh5 59.
Ra3 Rf2 60. Kc7 Rb2 61. Kc6 Kg5 62. Kd5 Kf6 63. Ra7 b5 64. a3 Rb3 65. Kd6 b4 66.
axb4 Rxb4 67. Ke5+ Kxe5 1/2-1/2

[Event "XXXIV Puchar Wojewody Dolnoslaskiego"]
[Site "Legnica"]
[Date "1899-12-30"]
[Round "8.2"]
[White "Sieciechowicz, Marcin"]
[Black "Simacek, Pavel"]
[Result "1-0"]
[WhiteTitle "IM"]
[BlackTitle "GM"]
[WhiteElo "2432"]
[BlackElo "2503"]

1. d4 d5 2. Nf3 Bf5 3. c3 e6 4. Bf4 Bd6 5. Bg3 Ne7 6. e3 O-O 7. c4 Bxb1 8. Rxb1
Bb4+ 9. Nd2 c5 10. dxc5 Nd7 11. Be2 Nxc5 12. O-O Bxd2 13. Qxd2 Ne4 14. Qb4 a5
15. Qxb7 Nd2 16. cxd5 Nxd5 17. Bf3 Qg5 18. Qb5 Qg6 19. e4 Nf6 20. Rbe1 Rfd8 21.
h4 h6 22. Re3 Nxf1 23. Kxf1 Ne8 24. Kg1 f6 25. Bh5 Qh7 26. Qc4 g6 27. Bg4 Qe7
28. Qxe6+ Qxe6 29. Bxe6+ Kf8 30. h5 Ng7 31. Bd5 Rac8 32. hxg6 Nf5 33. exf5 Rxd5
34. Bf4 Rxf5 35. Bxh6+ Kg8 36. g4 Re5 37. Rf3 Re4 38. Rxf6 Rxg4+ 39. Kf1 Rh4 40.
g7 Rxh6 41. Rxh6 Rc2 42. Rb6 Kxg7 43. a4 Kf7 44. Kg2 Ke7 45. Kg3 Kf7 46. b3 Ke7
47. f4 Kf7 48. Kg4 Rc1 49. Kg5 Rc5+ 50. f5 Rc7 51. Rb5 Ra7 52. Kf4 Kf6 53. Ke4
Ra6 54. Kd4 Ra8 55. Kc4 Rc8+ 56. Rc5 Ra8 57. Kb5 Rb8+ 58. Kxa5 Rxb3 59. Ka6 Rb4
60. a5 Ke7 61. Rd5 Rb1 62. Rb5 Rd1 63. Ka7 Kd7 64. Kb7 1-0

[Event "XXXIV Puchar Wojewody Dolnoslaskiego"]
[Site "Legnica"]
[Date "1899-12-30"]
[Round "8.3"]
[White "Nasuta, Grzegorz"]
[Black "Lewtak, Damian"]
[Result "1/2-1/2"]
[WhiteTitle "GM"]
[BlackTitle "m"]
[WhiteElo "2520"]
[BlackElo "2411"]

1. e4 b6 2. d4 Bb7 3. Bd3 e6 4. Nf3 d6 5. O-O Nd7 6. Nc3 g6 7. Bg5 Ne7 8. Qd2 h6
9. Be3 Bg7 10. Ne2 Nf6 11. Ng3 Ng4 12. Rad1 O-O 13. c3 c5 14. h3 Nxe3 15. Qxe3
Qc7 16. Rfe1 c4 17. Bb1 e5 18. Rd2 Rfd8 19. Red1 Bc6 20. Bc2 a5 21. Nf1 b5 22.
dxe5 dxe5 23. Rxd8+ Rxd8 24. Rxd8+ Qxd8 25. Qc5 f6 26. a4 Qd7 27. Ne3 Nc8 28.
axb5 Bxb5 29. Nd5 Qc6 30. Qxc6 Bxc6 31. Ne3 Nb6 32. Nd2 Bf8 33. Nexc4 Nxc4 34.
Bb3 a4 35. Bxc4+ Kg7 36. Kf1 f5 37. Bd5 Bb5+ 38. Bc4 Bc6 39. Bd5 Bb5+ 40. Ke1
Kf6 41. Nc4 Bxc4 42. Bxc4 fxe4 43. Ba2 h5 44. Bb1 h4 45. Bxe4 a3 46. bxa3 Bxa3
47. Ke2 Bc5 48. f3 g5 49. Kd3 Ke6 50. Bh7 Bf2 51. Ke4 Bg3 52. Bg8+ Kd6 53. Kf5
Bf4 54. c4 Kc5 55. Bd5 Kd6 1/2-1/2

[Event "XXXIV Puchar Wojewody Dolnoslaskiego"]
[Site "Legnica"]
[Date "1899-12-30"]
[Round "8.4"]
[White "Teclaf, Pawel"]
[Black "Murdzia, Piotr"]
[Result "1/2-1/2"]
[WhiteTitle "CM"]
[BlackTitle "IM"]
[WhiteElo "2384"]
[BlackElo "2411"]

1. Nf3 d5 2. b3 c5 3. e3 a6 4. Bb2 Nc6 5. g3 f6 6. d4 cxd4 7. Nxd4 e5 8. Nxc6 bxc6
9. Bg2 Be6 10. O-O Qb6 11. c4 Rd8 12. cxd5 cxd5 13. Nc3 Bb4 14. Nxd5 Bxd5 15.
Bxd5 Ne7 16. e4 Nxd5 17. exd5 Qb7 18. Qh5+ g6 19. Qf3 O-O 20. Rfd1 Rd6 21. Rac1
Rfd8 22. Rd3 Qb5 23. Rdd1 Bc5 24. Kg2 Kg7 25. Rd3 R8d7 26. a4 Qb6 27. Rcd1 Qb7
28. R3d2 Bb4 29. Rd3 Bc5 30. R3d2 Bb4 1/2-1/2

[Event "XXXIV Puchar Wojewody Dolnoslaskiego"]
[Site "Legnica"]
[Date "1899-12-30"]
[Round "8.5"]
[White "Wieczorek, Oskar"]
[Black "Gleizerov, Evgeny"]
[Result "1-0"]
[WhiteTitle "IM"]
[BlackTitle "GM"]
[WhiteElo "2468"]
[BlackElo "2505"]

1. e4 e6 2. d4 d5 3. Nc3 Nf6 4. e5 Nfd7 5. f4 c5 6. Nf3 Be7 7. Be3 b6 8. h4 Nc6
9. h5 cxd4 10. Nxd4 Nxd4 11. Qxd4 Bc5 12. Qd2 f6 13. h6 g6 14. exf6 Qxf6 15. O-O-O
O-O 16. g3 Bb7 17. Rh2 Rad8 18. Bh3 d4 19. Bxd4 e5 20. fxe5 Nxe5 21. Rf2 Bf3 22.
Qe3 Rxd4 23. Rxd4 Bxd4 24. Qxd4 Qg5+ 25. Kb1 Qxg3 26. Be6+ Kh8 27. Bd5 1-0

[Event "XXXIV Puchar Wojewody Dolnoslaskiego"]
[Site "Legnica"]
[Date "1899-12-30"]
[Round "9.1"]
[White "Gleizerov, Evgeny"]
[Black "Kriebel, Tadeas"]
[Result "1-0"]
[WhiteTitle "GM"]
[BlackTitle "IM"]
[WhiteElo "2505"]
[BlackElo "2515"]

1. d4 Nf6 2. c4 c5 3. d5 e6 4. Nc3 exd5 5. cxd5 d6 6. Nf3 g6 7. g3 Bg7 8. Bg2 O-O
9. O-O Re8 10. Bf4 Ne4 11. Rc1 Nxc3 12. bxc3 b5 13. a4 a6 14. Re1 Qb6 15. Qc2
Nd7 16. e4 Nf6 17. Nd2 Nh5 18. Be3 Bd7 19. h3 Re7 20. g4 Nf6 21. f4 Rae8 22. Bf2
h6 23. axb5 axb5 24. Nb3 Nh7 25. e5 g5 26. Be4 Nf8 27. exd6 Qxd6 28. Bxc5 Qf6
29. fxg5 hxg5 30. Bxe7 Rxe7 31. Qf2 Qd6 32. Nd2 Be5 33. Nf1 Bf4 34. Rcd1 Rxe4
35. Rxe4 Ng6 36. c4 bxc4 37. Rxc4 Qa3 38. Rxf4 Nxf4 39. Qe3 Qb2 40. Rd2 Qc1 41.
Qb3 Qe1 42. Qe3 Qh4 43. Qg3 Qh7 44. Kh2 Qb1 45. Ne3 Qe4 46. Ng2 Nxg2 47. Qxg2
Qf4+ 48. Kh1 f5 49. Rf2 Qc1+ 50. Rf1 Qe3 51. gxf5 Bb5 52. Rg1 Kf7 53. Qg3 Qe4+
54. Kh2 Qxd5 55. Qxg5 Qe5+ 56. Rg3 Qe2+ 57. Rg2 Qe5+ 58. Qg3 Kf6 59. Qxe5+ Kxe5
60. Rf2 Kf6 61. Kg3 Bd3 62. Kg4 1-0

[Event "XXXIV Puchar Wojewody Dolnoslaskiego"]
[Site "Legnica"]
[Date "1899-12-30"]
[Round "9.2"]
[White "Murdzia, Piotr"]
[Black "Wieczorek, Oskar"]
[Result "0-1"]
[WhiteTitle "IM"]
[BlackTitle "IM"]
[WhiteElo "2411"]
[BlackElo "2468"]

1. d4 Nf6 2. c4 g6 3. Nc3 Bg7 4. e4 d6 5. Nf3 O-O 6. h3 e5 7. d5 a5 8. Bg5 Na6
9. Be2 Nc5 10. Nd2 Bd7 11. Nb3 Na4 12. Nxa4 Bxa4 13. Qd3 h6 14. Be3 Nd7 15. g4
Qh4 16. Rg1 Bxb3 17. Qxb3 b6 18. g5 h5 19. Qc2 Nc5 20. Bxc5 bxc5 21. Qd3 f5 22.
gxf6 Rxf6 23. Rg2 Bh6 24. Kd1 Raf8 25. Kc2 Rxf2 26. Rxf2 Rxf2 27. Rf1 a4 28. Rxf2
Qxf2 29. b3 a3 30. b4 Qe1 31. bxc5 Qc1+ 32. Kb3 Qb2+ 33. Ka4 dxc5 34. Qxa3 Qxe2
35. Qxc5 Qxa2+ 36. Kb5 Qb3+ 37. Kc6 Bf8 38. Qb5 Qxh3 39. Kxc7 Qa3 40. Qc6 Qa7+
41. Kc8 Qc5 42. Kb7 Kg7 43. Qxc5 Bxc5 44. Kc6 Bf8 45. d6 h4 46. c5 h3 47. Kb6
h2 48. d7 Be7 49. c6 h1=Q 50. c7 Qb1+ 51. Ka6 Qd3+ 0-1

[Event "XXXIV Puchar Wojewody Dolnoslaskiego"]
[Site "Legnica"]
[Date "1899-12-30"]
[Round "9.3"]
[White "Lewtak, Damian"]
[Black "Teclaf, Pawel"]
[Result "1/2-1/2"]
[WhiteTitle "m"]
[BlackTitle "CM"]
[WhiteElo "2411"]
[BlackElo "2384"]

1. d4 Nf6 2. Bf4 g6 3. Nc3 d5 4. e3 c6 5. Be2 Bg7 6. h4 h5 7. Nf3 Bg4 8. Ne5 Bxe2
9. Qxe2 Nfd7 10. Nxd7 Nxd7 11. O-O-O b5 12. e4 b4 13. Nb1 Qa5 14. a3 bxa3 15.
Nxa3 dxe4 16. Qxe4 Qa4 17. Rhe1 Bf6 18. Bg5 O-O 19. Bxf6 Nxf6 20. Qxe7 Nd5 21.
Qc5 Qa6 22. b3 Nf4 23. Kb2 Ne6 24. Qc4 Qb7 25. g4 hxg4 26. Re4 Rad8 27. Rxg4 Rd5
28. Nb1 c5 29. Nc3 Rxd4 30. Rdxd4 cxd4 31. Nd5 Rd8 32. Nf4 1/2-1/2

[Event "XXXIV Puchar Wojewody Dolnoslaskiego"]
[Site "Legnica"]
[Date "1899-12-30"]
[Round "9.4"]
[White "Simacek, Pavel"]
[Black "Nasuta, Grzegorz"]
[Result "0-1"]
[WhiteTitle "GM"]
[BlackTitle "GM"]
[WhiteElo "2503"]
[BlackElo "2520"]

1. d4 d5 2. c4 e6 3. Nc3 c6 4. e3 Nf6 5. Nf3 Nbd7 6. Qc2 Bd6 7. g4 h6 8. Rg1 e5
9. cxd5 cxd5 10. Nb5 Bb8 11. dxe5 Nxe5 12. Nxe5 Bxe5 13. Bd2 O-O 14. f4 Bxf4 15.
exf4 Re8+ 16. Kf2 Qb6+ 17. Kg2 Nxg4 18. Kh1 Nf2+ 19. Kg2 Ng4 20. Kh1 Nf2+ 21.
Kg2 Ne4 22. Bc3 Qg6+ 23. Kh1 Ng3+ 24. Rxg3 Qxc2 25. Bd3 Qf2 26. Nc7 d4 27. Rf1
Qxg3 28. hxg3 dxc3 29. Nxe8 Bh3 30. Re1 Rd8 31. Bb1 Bd7 32. Nxg7 Kxg7 33. Kg1
cxb2 34. Re2 Bc6 35. Rxb2 Rd1+ 36. Kf2 Rh1 37. Rb3 Bd5 38. Rb5 Bc6 39. Rb3 Rh2+
40. Ke3 Rg2 41. Kd4 Kf6 42. a3 Rd2+ 43. Ke3 Rd1 44. Bh7 h5 45. Rc3 Rf1 46. Ke2
Rh1 47. Bc2 Rh3 48. Re3 h4 49. gxh4 Rxh4 50. f5 Rh2+ 51. Kd1 Rf2 52. Rc3 Rf3 53.
Kd2 Rxc3 54. Kxc3 Ke5 55. a4 Be4 56. Bb3 f6 57. a5 Bxf5 58. a6 b6 59. Kd4+ 0-1

[Event "XXXIV Puchar Wojewody Dolnoslaskiego"]
[Site "Legnica"]
[Date "1899-12-30"]
[Round "9.5"]
[White "Hirneise, Tobias"]
[Black "Sieciechowicz, Marcin"]
[Result "1/2-1/2"]
[WhiteTitle "IM"]
[BlackTitle "IM"]
[WhiteElo "2472"]
[BlackElo "2432"]

1. Nf3 d5 2. d4 Nf6 3. c4 c6 4. Nc3 e6 5. e3 Nbd7 6. Qc2 Bd6 7. Bd3 O-O 8. O-O
h6 9. b3 Qe7 10. Bb2 b6 11. e4 dxe4 12. Nxe4 Nxe4 13. Bxe4 Bb7 14. Rad1 Nf6 15.
Bd3 Rfe8 16. Ne5 c5 17. dxc5 Bxc5 18. Qe2 Rad8 19. Bc3 Bb4 20. Bb2 Bc5 21. Bc3
Bb4 22. Bb2 Bc5 23. Bc3 Bb4 1/2-1/2